Aj handicapovaní športujú

Podrobná bibliografia
Hlavný autor: lar (Autor)
Médium: Článok
Jazyk:slovenčina
Predmet:

MARC

LEADER 00000nab a2200000 a 4500
001 vtls000917340
003 SK-MaSNL
005 20260303211848.0
008 040720e19920130xo 0 slo
035 |a KE26219 
040 |a KEVKJB  |b slo  |c KEVKJB  |e AACR2 
041 0 |a slo 
044 |a xo  |c SK 
080 |a 796.38  |2 1981 
100 0 |a lar  |4 aut  |9 984450 
245 1 0 |a Aj handicapovaní športujú 
611 1 7 |a Putovný pohár Košíc  |2 KEVKJB  |9 1244076 
650 0 7 |a kolky (šport)  |2 KEVKJB  |9 238976 
650 0 7 |a turnaje  |2 KEVKJB  |9 29773 
650 0 7 |a ročník 3.  |2 KEVKJB  |9 878596 
650 0 7 |a súťaže  |2 KEVKJB  |9 3301 
650 0 7 |a výsledky  |2 KEVKJB  |9 493505 
651 7 |a KE,  |2 KEVKJB  |9 877256 
655 7 |a periodikum  |2 snkbucl  |9 29553 
773 0 8 |t Košický večer  |g Roč. 3  |g Roč. 28, č.21, 30.1.1992, s. 6 
852 |a ZVYKNI  |b KIS3GCP 
999 |c 2204542  |d 2206472